• 首页
  • 本馆介绍
  • 公告通知
  • 最新文献
  • 馆藏检索
  • 电子资源
  • 读者导购
  • 参考咨询
  • 我的图书馆
  • 登录
  • 详细信息显示
  • 放入我的书架
  • 预约/预借图书
  • 作者相关作品
  • 分类相关作品
  • 丛书相关作品
  • 出版社相关作品

书目信息

  • 表格格式
  • 工作单格式
  • 卡片格式
题名:
中小微型电机修理手册
    
 
作者: ;上海市电子电器技术协会 主编
分册:  
出版信息: 上海   上海科学技术出版社  1990.05
页数: 1册
开本: 19cm
丛书名:
单 册:
中图分类: TM307-61
科图分类:
主题词: 电机--维修--手册
电子资源:
ISBN: 7-5323-1449-9
000 00775nam 2200217 45
001 0190004542
005 20061121153847.21
010    @a7-5323-1449-9@b精装@dCNY20.00
100    @a19901029d1990 em y0chiy0121 ea
101 0  @achi
102    @aCN@b310000
105    @ak z 000yy
200 10 @a中小微型电机修理手册@AZHONG XIAO WEI XING DIAN JI XIU LI SHOU CE@f上海市电子电器技术协会主编@FSHANG HAI SHI DIAN ZI DIAN QI JI SHU XIE HUI ZHU BIAN
210    @a上海@c上海科学技术出版社@d1990.05
215    @a1册@d19cm
540 1  @a电机 维修 手册@ADIAN JI WEI XIU SHOU CE
606    @a电机@x维修@x手册
690    @aTM307-61
711 02 @a上海市电子电器技术协会@ASHANG HAI SHI DIAN ZI DIAN QI JI SHU XIE HUI@4主编
801  0 @aCN@bTSSF@c20061121
905    @a10447@dTM307-61@e27
    
    中小微型电机修理手册/上海市电子电器技术协会主编.-上海:上海科学技术出版社,1990.05
    1册;19cm
    
    
    ISBN 7-5323-1449-9(精装):CNY20.00
    
●
相关链接 在E读中查询图书 在五车中查询图书 在当当中查询图书 在豆瓣中查询图书


正题名:中小微型电机修理手册     索取号:TM307-61/27         预约/预借

序号 登录号 条形码 馆藏地/架位号 状态 备注
1 0248881   202448556   第二样本阅览室/ [索取号:TM307-61/27] 在馆    
唐山师范学院图书馆 欢迎您!
大连网信软件有限公司© 版权所有